000 00813cam a2200265 a 4500
001 52042
003 BD-RjUL
005 20211209075739.0
008 160905s2006 enka 001 0 eng
020 _a9781844073108
035 _a(BD-RjUL) 52162
040 _aDLC
_cDLC
_dBD-RjUL
_beng
041 _aeng
082 0 0 _a333.714
_223
_bCUH 2006
100 1 _aCutter, Susan L.
_9155639
245 1 0 _aHazards, vulnerability and environmental justice /
_cSusan L. Cutter.
260 _aLondon :
_b Earthscan,
_cc2006.
300 _axxviii, 418 p. :
_bill. ;
_c24 cm.
490 0 _aRisk, society and policy series
500 _aIncludes index.
650 0 _aEnvironmental risk assessment.
_9155640
650 0 _aEnvironmental degradation.
_9155641
856 4 1 _3Risk, society and policy series
942 _2ddc
_cBK
999 _c52042
_d52042